banner-ar

ديوان زهير بن ابى سلمى / (Record no. 41154)

MARC details
000 -الفاتح
حقل البيانات ثابتة الطول 00653nam a2200193Ia 4500
008 - عناصر البيانات ثابتة الطول - معلومات عامة
حقل البيانات ثابتة الطول 140319s9999 xx 000 0 ara d
040 ## - مصدر الفهرسة
وكالة الفهرسة الأصلية GCL /
وكالة النسخ GCL
082 04 - رقم تصنيف ديوى العشرى
رقم التصنيف 811.1
رقم المادة ز د
100 1# - المدخل الرئيسى - إسم شخصى
الإسم الشخصى الاعلم الشنتمرى، يوسف بن سليم
245 10 - بيان العنوان
العنوان ديوان زهير بن ابى سلمى /
بيان المسئوليه,etc الاعلم الشنتمرى، يوسف بن سليم
700 1# - المدخل الاضافى - اسم شخصى
الإسم الشخصى زهير بن أبى سلمى ربيعة بن رباح،520-610؟ م
300 ## - الوصف المادى
التعداد 98 ص
490 ## - بيان السلسلة
عنوان السلسلة كتاب
رقم المجلد/ التعيين التسلسلي 0
650 04 - المدخل الاضافى بالموضوع-مصطلح موضوعى
مصطلح موضوعي الشعر العربى
650 04 - المدخل الاضافى بالموضوع-مصطلح موضوعى
مصطلح موضوعي الادب العربى
650 04 - المدخل الاضافى بالموضوع-مصطلح موضوعى
مصطلح موضوعي زهير بن ابى سلمى
942 ## - عناصر المدخل الإضافي( كوها)
مصدر التصنيف او مخطط الترفيف Dewey Decimal Classification
Koha [default] item type كتاب
Holdings
حالة التراجع حالة الفقد حالة تلف ليس للاعارة المكان المؤقت الموقع الحالى تاريخ الاكتساب اجمالي اﻻعارات رقم الطلب الباركود تاريخ اخر مشاهدة تاريخ تفعيل السعر نوع وعاء كوها
        مكتبة القاهرة الكبرى مكتبة القاهرة الكبرى 03/26/2014   811.1\ز د 99162 03/26/2014 03/26/2014 كتاب

Powered By

EGPV